[Event "Leutasch Seniors op 18th"]
[Site "Karwendel"]
[Date "2001.07.01"]
[Round "4"]
[White "Scherr, Liesel"]
[Black "Von Hoesslin, Ursula"]
[Result "1-0"]
[WhiteElo "1437"]
[BlackElo "1254"]
[PlyCount "153"]
[EventDate "2001.06.28"]
[EventType "swiss"]
[EventRounds "9"]
[EventCountry "GER"]
[SourceTitle "EXT 2006"]
[Source "ChessBase"]
[SourceDate "2005.11.24"]
[SourceVersion "1"]
[SourceVersionDate "2005.11.24"]
[SourceQuality "1"]

1. d4 Nf6 2. Nf3 d5 3. e3 Bf5 4. Bd3 Bg6 5. 0-0 e6 6. c3 Be7 7. Bc2 0-0 8. Nbd2 Nbd7 9. b3 Bh5 10. Qe1 c5 11. Bd1 h6 12. h3 Bg6 13. Ba3 Qc7 14. Rc1 Bd6 15. Bc2 Bxc2 16. Rxc2 Rfe8 17. Qc1 Rac8 18. Bb2 Qb8 19. Re1 Nh7 20. e4 Bf4 21. Qd1 Ng5 22. Nxg5 Bxg5 23. Nf3 Be7 24. exd5 exd5 25. Rce2 Qd6 26. Ne5 Nf6 27. Bc1 Nh7 28. g3 Rc7 29. Bf4 Qf6 30. Ng4 Qc6 31. Bxc7 Qxc7 32. dxc5 Qxc5 33. Qd4 Qc7 34. h4 h5 35. Qe5 Qxe5 36. Nxe5 Bd6 37. Nf3 Rxe2 38. Rxe2 Kf8 39. Rd2 Nf6 40. Nd4 Ne4 41. Rd3 Bc5 42. Kg2 g6 43. f3 Nf6 44. Ne2 b5 45. Nf4 b4 46. cxb4 Bxb4 47. Nxd5 Nxd5 48. Rxd5 a5 49. g4 hxg4 50. fxg4 Ke7 51. h5 Ke6 52. Rb5 gxh5 53. gxh5 Kf6 54. Kf3 Kg7 55. Kg4 Bd2 56. a4 Kh6 57. Rb6+ Kg7 58. Kf5 Kg8 59. Rb5 Kg7 60. Ke4 Kh6 61. Rf5 Kg7 62. h6+ Bxh6 63. Rxa5 Bd2 64. Rb5 Kf6 65. a5 Ke6 66. b4 Bc3 67. Rb6+ Kd7 68. a6 Kc8 69. b5 f6 70. Kf5 Bd4 71. Rc6+ Kb8 72. b6 Be5 73. Re6 Kc8 74. Re8+ Kd7 75. Rg8 Kc6 76. a7 Kxb6 77. a8Q 1-0

[Event "Leutasch Seniors op 18th"]
[Site "Karwendel"]
[Date "2001.06.30"]
[Round "3"]
[White "Ladstetter, Josef"]
[Black "Scherr, Liesel"]
[Result "1-0"]
[WhiteElo "1850"]
[BlackElo "1450"]
[PlyCount "46"]
[EventDate "2001.06.28"]
[EventType "swiss"]
[EventRounds "9"]
[EventCountry "GER"]
[SourceTitle "EXT 2006"]
[Source "ChessBase"]
[SourceDate "2005.11.24"]
[SourceVersion "1"]
[SourceVersionDate "2005.11.24"]
[SourceQuality "1"]

1. d4 d5 2. c4 c6 3. Nf3 g6 4. Nc3 Bg7 5. cxd5 cxd5 6. Qb3 e6 7. Bf4 Nf6 8. e3 0-0 9. h3 Nbd7 10. Bd3 Qb6 11. Qc2 a6 12. 0-0 Re8 13. Rfc1 Nf8 14. Na4 Qb4 15. a3 Qe7 16. Nb6 Ra7 17. Nxc8 Rxc8 18. Qxc8 Qe8 19. Qxe8 Nxe8 20. Rc8 Nf6 21. Rac1 b5 22. R1c7 Rxc7 23. Rxc7 h6 1-0

[Event "Leutasch Seniors op 18th"]
[Site "Karwendel"]
[Date "2001.06.29"]
[Round "2"]
[White "Scherr, Liesel"]
[Black "Thonig, Manfred"]
[Result "1/2-1/2"]
[WhiteElo "1450"]
[BlackElo "1600"]
[PlyCount "98"]
[EventDate "2001.06.28"]
[EventType "swiss"]
[EventRounds "9"]
[EventCountry "GER"]
[SourceTitle "EXT 2006"]
[Source "ChessBase"]
[SourceDate "2005.11.24"]
[SourceVersion "1"]
[SourceVersionDate "2005.11.24"]
[SourceQuality "1"]

1. d4 f5 2. Nf3 b6 3. e3 Bb7 4. Be2 Nf6 5. 0-0 e6 6. c3 Be7 7. Nbd2 0-0 8. b3 Ne4 9. Bb2 d6 10. Rc1 Nd7 11. c4 Ndf6 12. h3 Qe8 13. Ne1 Nxd2 14. Qxd2 Ne4 15. Qd1 Qg6 16. Bf3 Rad8 17. d5 exd5 18. cxd5 Qf7 19. Rxc7 Rb8 20. Rc1 Bxd5 21. Rc2 Bb7 22. Bh5 g6 23. Bf3 Rfd8 24. Be2 Bh4 25. g3 Bg5 26. Bc4 d5 27. Be2 Qe7 28. Nf3 Bf6 29. Bxf6 Nxf6 30. Nd4 a6 31. Nc6 Bxc6 32. Rxc6 Ne4 33. Qd4 Rd6 34. Rxd6 Qxd6 35. Rd1 Rd8 36. Bf3 Kf8 37. Bxe4 fxe4 38. Qh8+ Kf7 39. Qxh7+ Kf6 40. Qh4+ Kg7 41. Qg4 Qf6 42. Qe2 b5 43. h4 Qf5 44. Qd2 Rf8 45. Rc1 Rf7 46. Qe2 Rf8 47. g4 Qd7 48. g5 Rf3 49. Qb2+ Kh7 1/2-1/2